| 000 | 00624nam a2200205 a 4500 | ||
|---|---|---|---|
| 005 | 20140310183350.0 | ||
| 008 | 070626s19uu xx 00 eng d | ||
| 020 | _a1582554455 | ||
| 050 |
_aRT 51 _b.H352 2006 |
||
| 245 | _aHandbook of medical-surgical nursing. / | ||
| 250 | _a4th ed. | ||
| 260 |
_aPhiladelphia : _bLippincott Williams & Wilkinds, _c2006. |
||
| 300 |
_a1014 p. : _bill. ; _c25 cm. |
||
| 521 | _aNUR | ||
| 650 |
_aNursing _xOutlines, syllabi, etc. |
||
| 650 |
_aSurgical nursing _xOutlines, syllabi, etc. |
||
| 650 |
_aNursing _xExaminations, questions, etc. |
||
| 942 |
_cBK _2lcc _kFOR |
||
| 999 |
_c22074 _d22074 |
||